[Event "GER-ch Rapid (Women)"]
[Site "Dinkelsbuehl"]
[Date "2023.11.12"]
[Round "8"]
[White "Butenandt, Svenja"]
[Black "Dolzhikova, Kateryna"]
[Result "0-1"]
[WhiteElo "1990"]
[BlackElo "2104"]
[PlyCount "50"]
[EventDate "2023.11.11"]
[EventType "swiss (rapid)"]
[EventRounds "9"]
[EventCountry "GER"]
[SourceTitle "CB47_2023"]
[SourceDate "2023.11.22"]
[SourceVersion "1"]
[SourceVersionDate "2023.11.22"]
[SourceQuality "1"]

1. d4 Nf6 2. c4 g6 3. Nc3 d6 4. e4 Bg7 5. Be2 0-0 6. Be3 e5 7. d5 Na6 8. g4 Nc5 9. f3 h5 10. h4 hxg4 11. b4 gxf3 12. Bxf3 Ncxe4 13. Nxe4 Nxe4 14. Bxe4 f5 15. Bg5 Qe8 16. Bc2 b5 17. h5 e4 18. h6 Bc3+ 19. Bd2 Qe5 20. Bxc3 Qxc3+ 21. Kf1 a5 22. Rh3 Qxc4+ 23. Ne2 f4 24. Bb3 Bxh3+ 25. Kg1 Qd3 0-1

[Event "GER-ch Blitz (Women)"]
[Site "Viernheim"]
[Date "2023.07.15"]
[Round "13"]
[White "Dolzhikova, Kateryna"]
[Black "Malinowsky, Celina"]
[Result "1-0"]
[WhiteElo "2321"]
[BlackElo "1518"]
[PlyCount "50"]
[EventDate "2023.07.15"]
[EventType "tourn (blitz)"]
[EventRounds "27"]
[EventCountry "GER"]
[SourceTitle "CBM 215 Extra"]
[Source "ChessBase"]
[SourceDate "2023.09.30"]
[SourceVersion "1"]
[SourceVersionDate "2023.09.30"]
[SourceQuality "1"]

1. e4 c5 2. Nf3 e6 3. g3 a6 4. Bg2 Qc7 5. c3 d6 6. d4 cxd4 7. cxd4 b5 8. 0-0 Bb7 9. d5 exd5 10. exd5 Nf6 11. Re1+ Be7 12. Nd4 Nbd7 13. Nf5 Ne5 14. Nxe7 Qxe7 15. f4 0-0 16. fxe5 dxe5 17. Nc3 Qd6 18. Bg5 Rac8 19. Bxf6 Qxf6 20. Ne4 Qb6+ 21. Kh1 Rfd8 22. d6 Bxe4 23. Bxe4 Rxd6 24. Qg4 Rd4 25. Qxc8+ Rd8 1-0

[Event "GER-ch Blitz (Women)"]
[Site "Viernheim"]
[Date "2023.07.15"]
[Round "7"]
[White "Dolzhikova, Kateryna"]
[Black "Novikova, Margarita"]
[Result "1-0"]
[WhiteElo "2321"]
[BlackElo "1995"]
[PlyCount "113"]
[EventDate "2023.07.15"]
[EventType "tourn (blitz)"]
[EventRounds "27"]
[EventCountry "GER"]
[SourceTitle "CBM 215 Extra"]
[Source "ChessBase"]
[SourceDate "2023.09.30"]
[SourceVersion "1"]
[SourceVersionDate "2023.09.30"]
[SourceQuality "1"]

1. e4 e5 2. Nc3 Nf6 3. f4 d5 4. fxe5 Nxe4 5. Qf3 Nxc3 6. dxc3 Qh4+ 7. g3 Qe4+ 8. Qxe4 dxe4 9. Bg2 Nc6 10. Bf4 Bf5 11. 0-0-0 Bc5 12. h3 h5 13. Ne2 0-0 14. Nd4 Bg6 15. Rhe1 Rfe8 16. Bxe4 Nxe5 17. Bxe5 Rxe5 18. Bxg6 Rxe1 19. Bxf7+ Kxf7 20. Rxe1 Bd6 21. Nf5 Bf8 22. Rd1 Ke6 23. Nd4+ Kf7 24. Nb5 c6 25. Nd6+ Bxd6 26. Rxd6 Ke7 27. Rg6 Kf7 28. Rg5 g6 29. Re5 Rd8 30. a4 Kf6 31. Re4 Kf7 32. b4 Rd5 33. c4 Rg5 34. Re3 Rf5 35. Kb2 Rf2 36. Kc3 Rf1 37. a5 a6 38. Kd4 Rb1 39. Kc5 Rb2 40. c3 Rd2 41. Kb6 Rd7 42. b5 cxb5 43. cxb5 axb5 44. Kxb5 Kf6 45. c4 g5 46. c5 Kf5 47. Kb6 h4 48. gxh4 gxh4 49. c6 bxc6 50. Kxc6 Rd1 51. Ra3 Rg1 52. a6 Rg3 53. Ra5+ Kf4 54. a7 Rg8 55. a8Q Rxa8 56. Rxa8 Kg3 57. Ra1 1-0

[Event "GER-ch Blitz (Women)"]
[Site "Viernheim"]
[Date "2023.07.15"]
[Round "2"]
[White "Muetsch, Annmarie"]
[Black "Dolzhikova, Kateryna"]
[Result "0-1"]
[WhiteElo "2230"]
[BlackElo "2321"]
[PlyCount "148"]
[EventDate "2023.07.15"]
[EventType "tourn (blitz)"]
[EventRounds "27"]
[EventCountry "GER"]
[SourceTitle "CBM 215 Extra"]
[Source "ChessBase"]
[SourceDate "2023.09.30"]
[SourceVersion "1"]
[SourceVersionDate "2023.09.30"]
[SourceQuality "1"]

1. d4 Nf6 2. Nf3 g6 3. Bf4 Bg7 4. e3 d6 5. Be2 0-0 6. 0-0 Nbd7 7. h3 Re8 8. Nbd2 e5 9. Bh2 e4 10. Ne1 Nf8 11. c4 c5 12. Nb3 Ne6 13. d5 Nc7 14. Qc2 b5 15. Rd1 Bb7 16. Na5 Rb8 17. Qd2 bxc4 18. Nxc4 Bf8 19. f3 Bxd5 20. b3 Re6 21. fxe4 Nxe4 22. Qd3 Bg7 23. Bf3 f5 24. Bxe4 Bxe4 25. Qd2 d5 26. Nb2 Rb7 27. Nbd3 Qe7 28. Nf3 c4 29. bxc4 dxc4 30. Nf4 Ra6 31. Nd4 Ra3 32. Bg3 Bf6 33. Bf2 Kg7 34. Rc1 Qb4 35. Qxb4 Rxb4 36. Nde6+ Nxe6 37. Nxe6+ Kf7 38. Nf4 Rxa2 39. Rfd1 Ke7 40. Nd5+ Bxd5 41. Rxd5 Rbb2 42. Rf1 c3 43. Rc5 Kd6 44. e4 fxe4 45. Rd1+ Ke6 46. Rf1 c2 47. Rc6+ Kf7 48. Rc7+ Ke8 49. Rc8+ Kd7 50. Rc5 Rb1 51. Rc4 Rxf1+ 52. Kxf1 Ra1+ 53. Ke2 c1Q 54. Rxc1 Rxc1 55. Be3 Rc2+ 56. Kf1 Ke6 57. Bf2 a5 58. g4 a4 59. Bc5 Ra2 60. Ke1 a3 61. Kd1 Be7 62. Bd4 Rh2 63. Kc1 a2 64. Bb2 Kd5 65. Bc3 Ba3+ 66. Kd1 Rh1+ 67. Kd2 a1Q 68. Bxa1 Rxa1 69. Ke3 Ke5 70. Kf2 Kf4 71. Kg2 Ra2+ 72. Kg1 Kf3 73. h4 Bd6 74. g5 Ra1# 0-1

[Event "GER-ch Blitz (Women)"]
[Site "Viernheim"]
[Date "2023.07.15"]
[Round "27"]
[White "Ries, Jutta"]
[Black "Dolzhikova, Kateryna"]
[Result "0-1"]
[WhiteElo "2019"]
[BlackElo "2321"]
[PlyCount "74"]
[EventDate "2023.07.15"]
[EventType "tourn (blitz)"]
[EventRounds "27"]
[EventCountry "GER"]
[SourceTitle "CBM 215 Extra"]
[Source "ChessBase"]
[SourceDate "2023.09.30"]
[SourceVersion "1"]
[SourceVersionDate "2023.09.30"]
[SourceQuality "1"]

1. f4 e5 2. fxe5 d6 3. exd6 Bxd6 4. Nf3 g5 5. g3 g4 6. Nh4 Ne7 7. d4 Ng6 8. Ng2 h5 9. Qd3 h4 10. Nf4 Nxf4 11. Bxf4 hxg3 12. hxg3 Rxh1 13. Qe4+ Qe7 14. Qxh1 Bxf4 15. gxf4 Qf6 16. Qe4+ Kf8 17. Qe5 Qh4+ 18. Kd2 Nc6 19. Qc5+ Ne7 20. Nc3 Bf5 21. Nd5 Be4 22. Nxe7 Qxe7 23. Qxe7+ Kxe7 24. Ke3 f5 25. c4 Rh8 26. Kf2 Rh1 27. Re1 Kd6 28. e3 a6 29. c5+ Kd5 30. b3 Kc6 31. Bg2 g3+ 32. Ke2 Rxe1+ 33. Kxe1 Bxg2 34. Ke2 Kd5 35. a3 Ke4 36. b4 Bf3+ 37. Kf1 Kxe3 0-1

[Event "GER-ch Blitz (Women)"]
[Site "Viernheim"]
[Date "2023.07.15"]
[Round "10"]
[White "Stangl, Anita"]
[Black "Dolzhikova, Kateryna"]
[Result "0-1"]
[WhiteElo "2037"]
[BlackElo "2321"]
[PlyCount "88"]
[EventDate "2023.07.15"]
[EventType "tourn (blitz)"]
[EventRounds "27"]
[EventCountry "GER"]
[SourceTitle "CBM 215 Extra"]
[Source "ChessBase"]
[SourceDate "2023.09.30"]
[SourceVersion "1"]
[SourceVersionDate "2023.09.30"]
[SourceQuality "1"]

1. e4 c5 2. Nf3 d6 3. d4 cxd4 4. Nxd4 Nf6 5. Nc3 g6 6. Bc4 Bg7 7. h3 Nc6 8. Nde2 0-0 9. a3 a6 10. 0-0 Bd7 11. Ng3 Rc8 12. Ba2 b5 13. f4 Qb6+ 14. Kh1 Qd4 15. Qe2 b4 16. Be3 bxc3 17. Bxd4 Nxd4 18. Qd3 cxb2 19. Rab1 Nxc2 20. Rxb2 Bb5 21. Rxb5 axb5 22. Qxb5 Nxa3 23. Qa4 Nc2 24. f5 Ne3 25. Re1 Ra8 26. Qb3 Bh6 27. Bb1 Rfb8 28. Qc3 Nd7 29. Bd3 Ne5 30. Be2 Rc8 31. Qd4 Nc2 32. Qg1 Nxe1 33. Qxe1 Rc1 34. Bd1 Nd3 35. Qe2 Rxd1+ 36. Kh2 Raa1 37. Nh5 gxh5 38. Kg3 Nf4 39. Qc4 Bg5 40. h4 Rd3+ 41. Kh2 Bxh4 42. Qc8+ Kg7 43. f6+ exf6 44. Qf5 Bg3# 0-1

[Event "Dortmund Sparkassen op 50th"]
[Site "Dortmund"]
[Date "2023.06.26"]
[Round "3"]
[White "Pranav, Anand"]
[Black "Dolzhikova, Kateryna"]
[Result "1/2-1/2"]
[WhiteElo "2510"]
[BlackElo "2321"]
[PlyCount "114"]
[EventDate "2023.06.24"]
[EventType "swiss"]
[EventRounds "9"]
[EventCountry "GER"]
[SourceTitle "CBM 215 Extra"]
[Source "ChessBase"]
[SourceDate "2023.09.30"]
[SourceVersion "1"]
[SourceVersionDate "2023.09.30"]
[SourceQuality "1"]

1. e4 c5 2. Nf3 d6 3. d4 cxd4 4. Nxd4 Nf6 5. Nc3 g6 6. Be3 Bg7 7. f3 Nc6 8. Qd2 0-0 9. 0-0-0 d5 10. exd5 Nxd5 11. Nxc6 bxc6 12. Bd4 Nxc3 13. Qxc3 Bh6+ 14. Be3 Bxe3+ 15. Qxe3 Qb6 16. Qe5 Be6 17. h4 Rfd8 18. Be2 Rxd1+ 19. Rxd1 Rd8 20. Rxd8+ Qxd8 21. a3 Qb6 22. Kd2 h5 23. Qe3 Qa5+ 24. Kd1 Qd5+ 25. Ke1 a5 26. Kf2 Qf5 27. Qc3 Bd5 28. Qxa5 Qxc2 29. Qc3 Qa4 30. b4 e5 31. Qe3 Kh7 32. Kg3 Qa8 33. Kf2 Qa4 34. g4 hxg4 35. fxg4 Bb3 36. Kg3 Bd1 37. Bxd1 Qxd1 38. g5 Qc2 39. Qf3 Kg8 40. Qe3 Kh7 41. Qf2 Qc3+ 42. Qf3 Qe1+ 43. Qf2 Qc3+ 44. Kg2 Kg8 45. Qf3 Qd2+ 46. Kh3 Qc2 47. Kg3 Qd2 48. Kh3 Qc2 49. Qe3 Qf5+ 50. Kg3 Qc2 51. Qxe5 Qd3+ 52. Kg4 Qxa3 53. Qd4 Qb3 54. Kf4 Qh3 55. Ke5 Qe6+ 56. Kf4 Qh3 57. Ke5 Qe6+ 1/2-1/2

[Event "Stuttgart op"]
[Site "Ditzingen"]
[Date "2023.05.18"]
[Round "1"]
[White "Harig, Alexander"]
[Black "Dolzhikova, Kateryna"]
[Result "0-1"]
[WhiteElo "2010"]
[BlackElo "2333"]
[PlyCount "114"]
[EventDate "2023.05.18"]
[EventType "swiss"]
[EventRounds "7"]
[EventCountry "GER"]
[SourceTitle "CBM 214 Extra"]
[Source "ChessBase"]
[SourceDate "2023.07.31"]
[SourceVersion "1"]
[SourceVersionDate "2023.07.31"]
[SourceQuality "1"]

1. c4 b6 2. Nc3 Bb7 3. Nf3 e6 4. g3 Nf6 5. Bg2 Bb4 6. 0-0 0-0 7. Qc2 a5 8. d3 Na6 9. a3 Be7 10. Bd2 d5 11. Ne5 Qc8 12. Rfd1 d4 13. Nb5 Bxg2 14. Kxg2 Qb7+ 15. f3 Rfd8 16. e3 dxe3 17. Bxe3 c6 18. Nc3 Bd6 19. d4 c5 20. Nb5 Bb8 21. Qc3 cxd4 22. Bxd4 Rc8 23. Rac1 Nc5 24. Nd3 Ncd7 25. b3 h5 26. Ne5 Nxe5 27. Bxe5 Bxe5 28. Qxe5 Rc5 29. Qd4 e5 30. Qe3 e4 31. Rd2 Rf5 32. Nd6 Rxf3 33. Nxb7 Rxe3 34. b4 Rxa3 35. bxa5 e3 36. Rb2 bxa5 37. c5 a4 38. c6 Rb3 39. Rxb3 axb3 40. c7 Rc8 41. Nd6 b2 42. Rb1 Rxc7 43. Rxb2 g6 44. Kf3 Rc6 45. Rb8+ Kg7 46. Rd8 Ng4 47. Ne8+ Kf8 48. h3 Ke7 49. Ra8 Ne5+ 50. Kxe3 Nc4+ 51. Kf4 Nb6 52. Rb8 Nc8 53. Ng7 Kf8 54. Nxh5 gxh5 55. g4 Rc4+ 56. Kg5 hxg4 57. hxg4 Kg7 0-1

[Event "Basel Easter op"]
[Site "Basel"]
[Date "2023.04.10"]
[Round "9"]
[White "Dolzhikova, Kateryna"]
[Black "Berin, Artem"]
[Result "1-0"]
[WhiteElo "2312"]
[BlackElo "2140"]
[PlyCount "81"]
[EventDate "2023.04.06"]
[EventType "swiss"]
[EventRounds "9"]
[EventCountry "SUI"]
[SourceTitle "CBM 213 Extra"]
[Source "ChessBase"]
[SourceDate "2023.05.31"]
[SourceVersion "1"]
[SourceVersionDate "2023.05.31"]
[SourceQuality "1"]

1. e4 e6 2. d3 d5 3. Nd2 c5 4. Ngf3 Nc6 5. g3 Nf6 6. Bg2 g6 7. 0-0 Bg7 8. Re1 0-0 9. c3 a5 10. a4 b6 11. exd5 exd5 12. Nb3 Bb7 13. d4 c4 14. Nbd2 Re8 15. Rxe8+ Nxe8 16. b3 cxb3 17. Qxb3 Rb8 18. Nf1 Ne7 19. Bg5 f6 20. Bf4 Nd6 21. Rb1 Bc6 22. N3d2 g5 23. Bxd6 Qxd6 24. c4 dxc4 25. Nxc4 Qb4 26. Qxb4 axb4 27. Bxc6 Nxc6 28. d5 Na5 29. Rxb4 Nxc4 30. Rxc4 Bf8 31. Rc6 Kf7 32. Ne3 Bc5 33. Rc7+ Kg6 34. g4 Bxe3 35. fxe3 Re8 36. Kf2 Re5 37. d6 Rd5 38. d7 h5 39. e4 Rd1 40. Ke2 Rd6 41. e5 1-0

[Event "Basel Easter op"]
[Site "Basel"]
[Date "2023.04.09"]
[Round "7"]
[White "Dolzhikova, Kateryna"]
[Black "Hovsepyan, Vardan"]
[Result "1/2-1/2"]
[WhiteElo "2312"]
[BlackElo "2253"]
[PlyCount "92"]
[EventDate "2023.04.06"]
[EventType "swiss"]
[EventRounds "9"]
[EventCountry "SUI"]
[SourceTitle "EXT 2024"]
[Source "ChessBase"]
[SourceDate "2023.10.10"]
[SourceVersion "1"]
[SourceVersionDate "2023.10.10"]
[SourceQuality "1"]

1. e4 e5 2. Nc3 Nc6 3. g3 Bc5 4. Bg2 d6 5. Na4 Nge7 6. Ne2 Be6 7. d3 Qd7 8. Nxc5 dxc5 9. Be3 b6 10. Qd2 Nd4 11. f4 f6 12. c3 Nxe2 13. Qxe2 Bg4 14. Qd2 Rd8 15. h3 Bh5 16. Bf1 Bf3 17. Rh2 Bh5 18. f5 Bf7 19. g4 h6 20. h4 Qc6 21. Qc2 g6 22. 0-0-0 gxf5 23. exf5 Bd5 24. Re1 Rd7 25. Kb1 Kd8 26. Rc1 Kc8 27. g5 hxg5 28. hxg5 Rf8 29. gxf6 Qxf6 30. Rh6 Qf7 31. c4 Bf3 32. f6 Ng8 33. Bh3 Nxh6 34. Bxh6 Rh8 35. Bxd7+ Qxd7 36. Bg7 Rh4 37. a3 Rh1 38. Rxh1 Bxh1 39. Ka2 Bf3 40. Qc3 Qf5 41. a4 a5 42. f7 Qxf7 43. Bxe5 Bd1 44. Ka3 Qd7 45. b3 Qe7 46. Bg3 Bf3 1/2-1/2

[Event "Basel Easter op"]
[Site "Basel"]
[Date "2023.04.09"]
[Round "6"]
[White "Kappeler, Kaspar"]
[Black "Dolzhikova, Kateryna"]
[Result "0-1"]
[WhiteElo "2175"]
[BlackElo "2312"]
[PlyCount "106"]
[EventDate "2023.04.06"]
[EventType "swiss"]
[EventRounds "9"]
[EventCountry "SUI"]
[SourceTitle "EXT 2024"]
[Source "ChessBase"]
[SourceDate "2023.10.10"]
[SourceVersion "1"]
[SourceVersionDate "2023.10.10"]
[SourceQuality "1"]

1. d4 Nf6 2. c4 e6 3. Nf3 Ne4 4. g3 Bb4+ 5. Nbd2 c5 6. Bg2 f5 7. 0-0 0-0 8. Nb3 cxd4 9. Nbxd4 Nc6 10. Be3 Be7 11. Qc2 Nb4 12. Qb3 a5 13. a3 a4 14. Qd1 Nc6 15. Qc2 d6 16. Rfd1 Bd7 17. Nb5 Ra6 18. Ne1 Na5 19. Qd3 Qc8 20. Rac1 Nb3 21. Rc2 Be8 22. Nc3 Nec5 23. Bxc5 dxc5 24. e3 Bh5 25. Bf3 Bxf3 26. Nxf3 Rd8 27. Qe2 Bf6 28. Nb5 e5 29. Rxd8+ Qxd8 30. Nd2 Na5 31. Nb1 e4 32. Rd2 Qe7 33. N1c3 Nb3 34. Rd5 Nc1 35. Qc2 Nd3 36. Rxf5 Qe6 37. Rd5 Qh3 38. f4 Ne1 39. Qxe4 Re6 40. Qh1 Rxe3 41. Kf2 Qe6 42. f5 Qe7 43. Rd1 Nd3+ 44. Kf1 Re1+ 45. Rxe1 Qxe1+ 46. Kg2 Qd2+ 47. Kf3 Ne5+ 48. Ke4 Qd3+ 49. Kf4 g5+ 50. fxg6 Nxg6+ 51. Kg4 h5+ 52. Kxh5 Qf5+ 53. Kh6 Bg7# 0-1